El trabajo de los ojos

Guardat en:
Dades bibliogràfiques
Autor principal: Halfon, Mercedes (autora)
Format: Llibre
Idioma:anglès
Publicat: Chile. Lectura Ediciones, 2019
Edició:Primera edición
Matèries:
Etiquetes: Afegir etiqueta
Sense etiquetes, Sigues el primer a etiquetar aquest registre!

MARC

LEADER 00000nam a22000007a 4500
003 CL-VaPUC
005 20211005154207.0
008 210805b2019 ||||| |||| 00| 0 eng d
999 |c 433416  |d 433414 
020 |a 948-956-9465-25-3 
040 |c Pontificia Universidad Católica de Valparaíso 
082 0 4 |2 21  |a Ar868 HAL 2019 
100 1 |a Halfon, Mercedes  |e autora  |9 862426 
245 1 3 |a El trabajo de los ojos 
250 |a Primera edición 
260 |a Chile.  |b Lectura Ediciones,   |c 2019 
300 |a 92 páginas  
500 |a Donación Prof. Sr. Raúl Rodríguez F., Inst. Literatura Memo 6/2021 21/7/2021 
583 |c 20210805  |k Cristina Rojas 
650 1 |a Novelas argentinas  |x Relatos personales  |9 862472 
650 1 |a Literatura argentina  |x Autobiografías  |9 862473 
942 |2 ddc  |c BK 
952 |0 0  |1 0  |2 ddc  |4 0  |6 AR_868_000000000000000_HAL_2019  |7 0  |8 A  |9 578566  |a FDOPOS  |b BIBEDU  |d 2021-08-05  |i 5623081  |l 1  |o Ar868 HAL 2019  |p 5623081  |r 2023-03-23  |s 2023-03-16  |t 1  |w 2021-08-05  |y BK  |k DLH